María en el Nuevo Testamento: una evaluación conjunta de estudiosos católicos y protestantes

Saved in:
Bibliografiske detaljer
Hovedforfatter: Brown, Raymond Edward (Author)
Format: Bog
Sprog:spansk
Udgivet: Salamanca Sígueme 1982
Serier:Biblioteca de Estudios Bíblicos, 49
Fag:
Tags: Tilføj Tag
Ingen Tags, Vær først til at tagge denne postø!

MARC

LEADER 00000nam a2200000 a 4500
001 UCX3836
003 CL-VaPUC
008 920110e19820000SP |||||||||||||||||spa|d
082 0 4 |a 323.91  |b BRO  |2 21 
100 |a Brown, Raymond Edward  |e author  |9 589625 
245 1 0 |a María en el Nuevo Testamento: una evaluación conjunta de estudiosos católicos y protestantes 
300 |a 299 p 
942 |c BK 
945 |d 19920110 00:00:00 
260 |a Salamanca  |b Sígueme  |c 1982 
600 0 |a Virgen María   |9 314204 
650 7 |a ENSEÑANZA BIBLICA  |2 CL-VaPUC  |9 320049 
583 |a last modification  |c 19920110 00:00:00  |k Rodrigo Vera 
490 0 |a Biblioteca de Estudios Bíblicos, 49 
999 |c 224487  |d 224485 
952 |0 0  |1 0  |4 0  |6 323_910000000000000_BRO_1982  |7 0  |8 A  |9 221166  |a BIBTEO  |b BIBTEO  |d 2019-11-15  |i 2899221  |o 323.91 BRO 1982  |p 2899221  |r 2025-01-17  |w 2019-11-15  |y BK  |k ICR